000 01125cam a2200325 i 4500
003 DO-SdBNP
005 20231005095443.0
007 ta
008 751003s2018 sp ad 001 f spa d
020 _a9788417067717
040 _aDO-SdBNP
_bspa
_cBNPHU
_erda
082 _bS318
_222
_a342.722
100 1 _aScheidel, Walter
_d1966-
_984387
240 1 4 _aThe great leveler /
_lEspañol
245 1 3 _aEl gran nivelador :
_bviolencia e historia de la desigualdad desde a edad de piedra hasta el siglo XXI /
_cWalter Scheidel ; traducción Efrén del Valle
264 1 _aBarcelona, España :
_bCrítica,
_c2018.
300 _a620 páginas
_bilustraciones, grafícos
_c24 cm.
336 _2rdacontent
_atexto
_btxt
337 _2rdamedia
_asin mediación
_bn
338 _2rdacarrier
_avolumen
_bnc
490 1 _aMayor
500 _aIncluye Índice analítico.
504 _aBibliografía p: 547-603
590 _aInventariado, 2023/ YL
650 4 _aIgualdad
_xHistoria|
_984388
650 4 _aViolencia
_xHistoria
_984389
700 1 _aValle, Efrén del
_etraducción
_942669
910 _aYlockward
942 _2ddc
_cLBS1
999 _c55086
_d55086